| 000 | 00476nab a2200145Ia 4500 | ||
|---|---|---|---|
| 003 | ES-SlBCS | ||
| 005 | 20210601151010.0 | ||
| 008 | 140529s2012 xxu||||| |||| 00| 0 spa d | ||
| 041 | _aspa | ||
| 100 | 1 |
_aRomero Galván, José Rubén _935111 |
|
| 245 | 0 | 0 |
_aJuan de Palafox y los indígenas novohispanos _c José Rubén Romero Galván |
| 600 | 1 | 4 |
_aPalafox y Mendoza, Juan de _95712 |
| 773 | 0 |
_tEfemerides Mexicana _gvol. 30, nº. 89, 2012, págs. 145-156 _wRev174 |
|
| 942 | _cAR | ||
| 999 |
_c750200 _d750200 |
||